[Event "Cardiff Welsh op"]
[Site "Cardiff"]
[Date "2023.04.08"]
[Round "3"]
[White "Hammett, Scott"]
[Black "Smith, Chris P"]
[Result "1/2-1/2"]
[WhiteElo "1283"]
[BlackElo "1460"]
[PlyCount "63"]
[EventDate "2023.04.07"]
[EventType "swiss"]
[EventRounds "7"]
[EventCountry "WLS"]
[SourceTitle "EXT 2024"]
[Source "ChessBase"]
[SourceDate "2023.10.10"]
[SourceVersion "1"]
[SourceVersionDate "2023.10.10"]
[SourceQuality "1"]

1. d4 Nf6 2. e3 e6 3. f4 c5 4. c3 b6 5. Nf3 Bb7 6. Be2 Be7 7. 0-0 0-0 8. Bd2 d5 9. Be1 Ne4 10. Nbd2 Nxd2 11. Qxd2 Nd7 12. Bd3 Nf6 13. Bh4 Ne4 14. Bxe4 Bxh4 15. Bc2 Be7 16. Qd3 g6 17. Ne5 Qc8 18. Rf3 Ba6 19. Qd2 cxd4 20. exd4 Qc7 21. Qf2 Rac8 22. Qg3 Bf6 23. h4 Bxe5 24. fxe5 Qe7 25. Rf6 b5 26. Bd3 Qb7 27. h5 b4 28. Bxa6 Qxa6 29. hxg6 fxg6 30. Rxg6+ hxg6 31. Qxg6+ Kh8 32. Qh6+ 1/2-1/2

[Event "Cardiff Welsh op"]
[Site "Cardiff"]
[Date "2023.04.08"]
[Round "2"]
[White "Westcott, Dale"]
[Black "Hammett, Scott"]
[Result "1-0"]
[WhiteElo "1607"]
[BlackElo "1283"]
[PlyCount "99"]
[EventDate "2023.04.07"]
[EventType "swiss"]
[EventRounds "7"]
[EventCountry "WLS"]
[SourceTitle "EXT 2024"]
[Source "ChessBase"]
[SourceDate "2023.10.10"]
[SourceVersion "1"]
[SourceVersionDate "2023.10.10"]
[SourceQuality "1"]

1. d4 d5 2. Nf3 e6 3. g3 f5 4. Bg2 Nf6 5. 0-0 Be7 6. c4 c6 7. Nbd2 0-0 8. Ne5 Bd7 9. Qb3 Qb6 10. c5 Qxb3 11. axb3 Na6 12. Ndf3 Nc7 13. Bg5 Be8 14. Ra4 h6 15. Bxf6 Bxf6 16. Rfa1 a6 17. e3 g5 18. Nd3 Rf7 19. Nfe5 Rg7 20. Rf1 Bh5 21. Bf3 g4 22. Nf4 gxf3 23. Nxh5 Bxe5 24. dxe5 Rg5 25. Nf6+ Kh8 26. Rf4 Ne8 27. h4 Rg6 28. Nd7 Nc7 29. Rxf3 Rg4 30. Rf4 Rag8 31. Nf6 Rxf4 32. exf4 Rg7 33. Rd1 Nb5 34. Ne8 Re7 35. Nd6 h5 36. Kg2 Kg7 37. Kf3 Kf8 38. Ke3 d4+ 39. Kd3 Nc7 40. Nxb7 Nd5 41. Nd8 Nb4+ 42. Kc4 Ke8 43. Kxb4 Kxd8 44. Rxd4+ Kc7 45. Ka5 Kb8 46. Rd8+ Kb7 47. Rh8 Rd7 48. Rxh5 Rd1 49. Rh7+ Kb8 50. Kb6 1-0

[Event "South Wales Autumn Premier"]
[Site "Newport"]
[Date "2019.11.17"]
[Round "4"]
[White "Hammett, Scott"]
[Black "Wu, Yuxuan1111"]
[Result "0-1"]
[WhiteElo "1610"]
[BlackElo "1312"]
[PlyCount "109"]
[EventDate "2019.11.15"]
[EventType "swiss"]
[EventRounds "5"]
[EventCountry "WLS"]
[SourceTitle "EXT 2022"]
[Source "ChessBase"]
[SourceDate "2021.10.06"]
[SourceVersion "1"]
[SourceVersionDate "2021.10.06"]
[SourceQuality "1"]

1. d4 Nf6 2. Nc3 g6 3. e4 d6 4. Nf3 Bg7 5. Be3 0-0 6. Bc4 Nbd7 7. Qd2 e6 8. 0-0-0 a6 9. h4 b5 10. Be2 h5 11. Bg5 Qe8 12. Rhe1 Ng4 13. Bd3 Bb7 14. d5 Nc5 15. Be3 Nxd3+ 16. Qxd3 b4 17. Ne2 Qa4 18. Qb3 Qxb3 19. cxb3 exd5 20. exd5 Rfe8 21. Bd4 Bxd4 22. Rxd4 Nxf2 23. Nf4 Rxe1+ 24. Nxe1 a5 25. Rc4 Rc8 26. Kd2 Ng4 27. Nf3 Ne5 28. Rc1 Nxf3+ 29. gxf3 c6 30. dxc6 Rxc6 31. Rg1 Rc5 32. Rg3 Rf5 33. Nxg6 Rd5+ 34. Ke3 fxg6 35. Rxg6+ Kf7 36. Rh6 Kg7 37. Re6 Re5+ 38. Rxe5 dxe5 39. a3 Bd5 40. axb4 axb4 41. f4 exf4+ 42. Kxf4 Kg6 43. Ke5 Bxb3 44. Kf4 Bd1 45. Ke5 b3 46. Kf4 Kf6 47. Ke4 Ke6 48. Kf4 Kd5 49. Ke3 Ke5 50. Kd2 Bc2 51. Ke3 Kf5 52. Kf3 Bd1+ 53. Kg3 Ke4 54. Kg2 Kf4 55. Kh3 0-1

[Event "Dyfed Major op 48th"]
[Site "Fishguard"]
[Date "2019.02.23"]
[Round "2"]
[White "Hammett, Scott"]
[Black "Bevan, Paul"]
[Result "1-0"]
[WhiteElo "1540"]
[BlackElo "1300"]
[PlyCount "29"]
[EventDate "2019.02.22"]
[EventType "swiss"]
[EventRounds "5"]
[EventCountry "WLS"]
[SourceTitle "EXT 2020"]
[Source "ChessBase"]
[SourceDate "2019.10.17"]
[SourceVersion "1"]
[SourceVersionDate "2019.10.17"]
[SourceQuality "1"]

1. f4 e5 2. e4 exf4 3. Nf3 g5 4. Bc4 g4 5. 0-0 gxf3 6. Qxf3 Bd6 7. d4 Nc6 8. c3 Na5 9. Bxf7+ Kxf7 10. e5 Ke8 11. Qh5+ Ke7 12. Rxf4 Qe8 13. exd6+ Kxd6 14. Qc5+ Ke6 15. Qe5# 1-0

[Event "South Wales Autumn Premier"]
[Site "Newport"]
[Date "2018.11.18"]
[Round "4"]
[White "Davies, Gareth"]
[Black "Hammett, Scott"]
[Result "1/2-1/2"]
[WhiteElo "1427"]
[BlackElo "1524"]
[PlyCount "95"]
[EventDate "2018.11.16"]
[EventType "swiss"]
[EventRounds "5"]
[EventCountry "WLS"]
[SourceTitle "EXT 2020"]
[Source "ChessBase"]
[SourceDate "2019.10.17"]
[SourceVersion "1"]
[SourceVersionDate "2019.10.17"]
[SourceQuality "1"]

1. d4 f5 2. Nf3 Nf6 3. Bf4 e6 4. Nbd2 Be7 5. h3 d5 6. e3 Nbd7 7. Be2 Nb6 8. 0-0 0-0 9. c3 Ne4 10. Nxe4 fxe4 11. Nd2 c6 12. f3 exf3 13. Bxf3 Bd6 14. Bxd6 Qxd6 15. Qe1 Bd7 16. Qh4 Rf6 17. e4 Qf4 18. Qxf4 Rxf4 19. e5 Raf8 20. Be2 Be8 21. Rxf4 Rxf4 22. Rf1 Rxf1+ 23. Kxf1 Na4 24. Bg4 Kf7 25. c4 Nxb2 26. c5 Ke7 27. Ke2 b6 28. Nb3 Bd7 29. Bf3 Na4 30. Kd3 bxc5 31. Nxc5 Nxc5+ 32. dxc5 Bc8 33. h4 Kd7 34. g3 Kc7 35. Kc3 a5 36. Be2 Kb7 37. a4 Bd7 38. Kd4 Kc7 39. Bd3 g6 40. g4 Be8 41. g5 Kd7 42. Be2 Ke7 43. Ke3 Kf7 44. Kd4 Kg7 45. Bg4 Bf7 46. Be2 Be8 47. Bd3 h6 48. Be2 1/2-1/2

[Event "South Wales Autumn Premier"]
[Site "Newport"]
[Date "2018.11.17"]
[Round "2"]
[White "Lutchman Singh, Karanvir"]
[Black "Hammett, Scott"]
[Result "0-1"]
[WhiteElo "1606"]
[BlackElo "1524"]
[PlyCount "52"]
[EventDate "2018.11.16"]
[EventType "swiss"]
[EventRounds "5"]
[EventCountry "WLS"]
[SourceTitle "EXT 2020"]
[Source "ChessBase"]
[SourceDate "2019.10.17"]
[SourceVersion "1"]
[SourceVersionDate "2019.10.17"]
[SourceQuality "1"]

1. e4 e5 2. Nf3 f5 3. Nc3 Nf6 4. Bc4 Bc5 5. 0-0 Nc6 6. Ng5 Rf8 7. exf5 d5 8. Bb3 Bxf5 9. Na4 Bd6 10. d3 Qd7 11. Nc3 Ne7 12. Qf3 Bg4 13. Qe3 d4 14. Qd2 dxc3 15. bxc3 h6 16. f3 hxg5 17. fxg4 0-0-0 18. Qxg5 Qxg4 19. Rxf6 Qd1+ 20. Kf2 Rxf6+ 21. Kg3 Rg6 22. Qxg6 Nxg6 23. Be6+ Kb8 24. Bg5 e4+ 25. Kh3 Rh8+ 26. Bh4 Rxh4# 0-1

[Event "South Wales New Year Major"]
[Site "Bridgend"]
[Date "2018.01.07"]
[Round "4"]
[White "Hammett, Scott"]
[Black "Hurn, Robert AJ"]
[Result "1/2-1/2"]
[WhiteElo "1484"]
[BlackElo "1664"]
[PlyCount "90"]
[EventDate "2018.01.05"]
[EventType "swiss"]
[EventRounds "5"]
[EventCountry "WLS"]
[SourceTitle "EXT 2020"]
[Source "ChessBase"]
[SourceDate "2019.10.17"]
[SourceVersion "1"]
[SourceVersionDate "2019.10.17"]
[SourceQuality "1"]

1. f4 e5 2. e4 exf4 3. Nf3 Nf6 4. Nc3 Nc6 5. Bc4 h6 6. d3 d6 7. Bxf4 Be6 8. Bxe6 fxe6 9. 0-0 Qd7 10. d4 0-0-0 11. d5 Ne7 12. Be3 Kb8 13. Qd4 Nc8 14. a4 Ng4 15. Bd2 e5 16. Qb4 Be7 17. h3 Nf6 18. a5 Rdf8 19. Qc4 Rf7 20. b4 Rhf8 21. b5 g5 22. b6 Bd8 23. bxa7+ Nxa7 24. Rab1 c5 25. Nb5 Nc8 26. a6 b6 27. Nc3 Ka7 28. Nb5+ Ka8 29. a7 Nh5 30. Qd3 Nf4 31. Bxf4 gxf4 32. Qd2 Rg8 33. Kf2 Rfg7 34. Rg1 Rg3 35. c4 Qh7 36. Nc3 Qg7 37. Ne1 Rxh3 38. Ne2 Bh4+ 39. Kf1 Ra3 40. Nf3 Bg3 41. Qb2 Re3 42. Qb5 Rxe4 43. Nxg3 fxg3 44. Qc6+ Qb7 45. Qb5 Qh7 1/2-1/2

[Event "Dyfed Major op 46th"]
[Site "Fishguard"]
[Date "2017.02.26"]
[Round "5"]
[White "Taylor, Paul1111"]
[Black "Hammett, Scott"]
[Result "1-0"]
[WhiteElo "1511"]
[BlackElo "1443"]
[PlyCount "27"]
[EventDate "2017.02.24"]
[EventType "swiss"]
[EventRounds "5"]
[EventCountry "WLS"]
[SourceTitle "EXT 2020"]
[Source "ChessBase"]
[SourceDate "2019.10.17"]
[SourceVersion "1"]
[SourceVersionDate "2019.10.17"]
[SourceQuality "1"]

1. e4 e5 2. Nc3 f5 3. Nf3 d6 4. Bb5+ Nc6 5. 0-0 Nf6 6. Re1 Be6 7. d4 Bd7 8. exf5 Ne7 9. dxe5 dxe5 10. Nxe5 c6 11. Bc4 Qc7 12. Nf7 Bxf5 13. Nd6+ Kd7 14. Ndb5+ 1-0

[Event "Dyfed Major op 46th"]
[Site "Fishguard"]
[Date "2017.02.25"]
[Round "2"]
[White "Hammett, Scott"]
[Black "Holman, Sam"]
[Result "1-0"]
[WhiteElo "1443"]
[BlackElo "1334"]
[PlyCount "31"]
[EventDate "2017.02.24"]
[EventType "swiss"]
[EventRounds "5"]
[EventCountry "WLS"]
[SourceTitle "EXT 2020"]
[Source "ChessBase"]
[SourceDate "2019.10.17"]
[SourceVersion "1"]
[SourceVersionDate "2019.10.17"]
[SourceQuality "1"]

1. f4 Nf6 2. b3 d5 3. Nf3 c5 4. Bb2 Nc6 5. e3 e6 6. Bb5 a6 7. Bxc6+ bxc6 8. 0-0 Bd6 9. Nc3 0-0 10. Ne2 Bb7 11. Ng3 Re8 12. Qe1 Qc7 13. Bxf6 gxf6 14. Nh5 Kh8 15. Qh4 Rg8 16. Qxf6+ 1-0

[Event "Dyfed Major op 46th"]
[Site "Fishguard"]
[Date "2017.02.25"]
[Round "3"]
[White "Scott, Paul"]
[Black "Hammett, Scott"]
[Result "1-0"]
[WhiteElo "1553"]
[BlackElo "1443"]
[PlyCount "67"]
[EventDate "2017.02.24"]
[EventType "swiss"]
[EventRounds "5"]
[EventCountry "WLS"]
[SourceTitle "EXT 2020"]
[Source "ChessBase"]
[SourceDate "2019.10.17"]
[SourceVersion "1"]
[SourceVersionDate "2019.10.17"]
[SourceQuality "1"]

1. e4 e5 2. Nc3 f5 3. exf5 Nf6 4. d4 exd4 5. Qxd4 Nc6 6. Qe3+ Qe7 7. Bc4 Qxe3+ 8. Bxe3 Bb4 9. Nge2 d5 10. Bd3 Ne5 11. Ng3 Nxd3+ 12. cxd3 0-0 13. 0-0 Bxc3 14. bxc3 b6 15. Rfe1 Ng4 16. Bf4 c5 17. h3 Nf6 18. Bd6 Rf7 19. Re7 Rxe7 20. Bxe7 Ba6 21. Bxf6 gxf6 22. Re1 Bxd3 23. Re7 Bc4 24. a3 Bb5 25. Nh5 d4 26. cxd4 cxd4 27. Nxf6+ Kf8 28. Rxh7 d3 29. Rh8+ Ke7 30. Rxa8 d2 31. Nd5+ Kd7 32. Ne3 Be2 33. f6 d1Q+ 34. Nxd1 1-0

[Event "Dyfed Major op 46th"]
[Site "Fishguard"]
[Date "2017.02.24"]
[Round "1"]
[White "Bevan, Paul"]
[Black "Hammett, Scott"]
[Result "0-1"]
[WhiteElo "1251"]
[BlackElo "1443"]
[PlyCount "30"]
[EventDate "2017.02.24"]
[EventType "swiss"]
[EventRounds "5"]
[EventCountry "WLS"]
[SourceTitle "EXT 2020"]
[Source "ChessBase"]
[SourceDate "2019.10.17"]
[SourceVersion "1"]
[SourceVersionDate "2019.10.17"]
[SourceQuality "1"]

1. d4 f5 2. e3 Nf6 3. Bd3 e6 4. c4 d5 5. c5 c6 6. Nf3 Be7 7. Ne5 Nbd7 8. f4 0-0 9. 0-0 Nxe5 10. fxe5 Ng4 11. h3 Bh4 12. hxg4 Bg3 13. Rf3 Qh4 14. Kf1 Qh1+ 15. Ke2 Qxg2+ 0-1